Statystyki dla Postacie z FNAF - tryb ekstremalny.

Kliknij tutaj aby rozwiązać quiz!

Ogólne statystyki

  • Ten quiz został rozwiązany 99 razy
    (95 od ostatniego zresetowania)
  • Średni wynik to 57 z 156

Statystyki odpowiedzi

KategoriaPostać% Poprawnych
FNAF 1Freddy Fazbear
98%
Bonnie the Bunny
97%
Chica the Chicken
95%
Foxy the Pirate Fox
93%
Golden Freddy / Yellow Bear / Yellow Freddy
90%
Marionetka
76%
FNAF 3Springtrap
76%
Toy Bonnie
76%
FNAF 2Toy Freddy
76%
Toy Chica
75%
Mangle / Toy Foxy
71%
RWQFSFASXC / Shadow Bonnie
69%
Balloon Boy
68%
Shadow Freddy
68%
Withered Bonnie
68%
Withered Chica
66%
Withered Foxy
66%
Withered Freddy
66%
Phantom Freddy
64%
Ballora
63%
Minigierki FNAF 3 i 4Fredbear
61%
JJ
61%
Nightmare
61%
Phantom Chica
61%
BabeczkiCupcake
59%
Nightmare Bonnie
58%
Postacie LudzkieWilliam Afton / Purple Guy / Pink Guy
58%
Ennard
56%
Nightmare Foxy
56%
FNAF 4Nightmare Freddy
56%
Phantom Foxy
56%
Glamrock Chica
54%
FNAF Security BreachGlamrock Freddy
54%
Lefty
54%
Nightmare Chica
54%
Phantom Mangle
54%
Vanessa / Vanny
53%
Funtime Foxy
53%
Funtime Freddy
53%
Halloween DLC FNAF 4Jack-O-Bonnie
53%
Phantom Marionetka
53%
Withered Golden Freddy
53%
FNAF: Sister LocationCircus Baby
51%
Nightmare Balloon Boy
49%
Jack-O-Chica
49%
Molten Freddy
49%
Phantom Balloon Boy
49%
Plushtrap
49%
Roxanne Wolf
49%
Bon Bon
47%
Michael Afton
47%
Montgomery Gator
47%
Nightmarionne
47%
Scrap Baby
47%
FFPS animatronikiScraptrap
47%
Henry Emily
46%
Nightmare Cupcake
46%
UCN specjalnePhone Guy
46%
Sister Location Custom Night UpdateBonnet
44%
Rockstar Bonnie
44%
Springbonnie
44%
Lolbit
42%
Rockstar Chica
42%
Rockstar Foxy
42%
Rockstar Freddy
42%
Sun
42%
Curse of DreadbearDreadbear
41%
Moon
41%
Mr. Hippo
41%
Nightmare Fredbear
41%
Bidybab
39%
Crying Child / Evan Afton / Chis Afton
39%
Elizabeth Afton
39%
Help Wanted noweGlitchtrap
39%
Gregory
39%
Music Man
39%
Nightmare Mangle
39%
Endo-01
37%
Endo-02
37%
Minireeny
37%
The Mimic
37%
Cassie
36%
Funtime Chica
36%
Happy Frog
36%
Helpy
36%
Jeremy
36%
Yenndo
36%
Burntrap
32%
DJ Music Man
32%
El Chip
32%
Electrobab
32%
Fritz
32%
Phantom Golden Freddy
31%
Pigpatch
31%
Cassidy
29%
Dee Dee
29%
Orville Elephant
29%
Charlie Emily
27%
The Blob
27%
Candy Cadet
25%
Nedd Bear
25%
Gabriel
24%
Susie
24%
Toy Cupcake
24%
Eclipse
22%
Funtime Cupcake
20%
Glamrock Endo
20%
XOR
20%
Paperpals
19%
Ruined Mongomery Gator
19%
Ruined Roxannne Wolf
19%
Security Puppet
19%
Ruined Glamrock Chica
17%
Grimm Foxy
15%
Mini Music Man
15%
Plushbaby
15%
Bucket Bob
14%
Lemonade Clown
14%
Mr. Can-Do
14%
Mr. Hugs
14%
No. 1 Crate
14%
FNAF SB Ruin DLCRuined Glamrock Freddy
14%
Shattered Roxanne Wolf
14%
Nightmare Endo
12%
Pan Stan
12%
Shattered Montgomery Gator
12%
Golden Cupcake
10%
Old Man Consequences
10%
Prize King
10%
Shadow Balloon Boy
10%
Egg Baby
8%
Helpi
8%
Jeremy Fitzgerald
8%
FNAF 3 minigierkiShadow Marionetka
8%
Shattered Glamrock Chica
8%
Burnt Foxy
7%
Neon Chica
7%
Dark Freddy
5%
Fredziaki
5%
Fruit Punch Clown
5%
Sister Location figurki w tleLittle Joe
5%
M.X.E.S
5%
Neon Bonnie
5%
Shadow Mangle
5%
Dark Springtrap
3%
Magician
3%
Ballpit Tower
2%
Captain Foxy
2%
Gipsy / Gypsy
2%
FFPS postacie z katalogówGumball Swivelhands
2%
Ludzkie głowy
2%
Beacon Bonnie
0%
Party Freddy
0%
Plushkins
0%
Virtualtrap
0%

Rozkład punktacji

Percentyl według liczby udzielonych odpowiedzi

Procent ludzi z każdym wynikiem

Twoja historia wyników

Nie rozwiązałeś tego quizu od ostatniego zresetowania